| 000 | 00729nam a2200193 i 4500 | ||
|---|---|---|---|
| 001 | 25030 | ||
| 003 | ES-MaACL | ||
| 005 | 20230906153201.0 | ||
| 007 | t| | ||
| 008 | 021220s1894 uy ||||1| spa d | ||
| 245 | 0 | 0 |
_aAntología uruguaya _b: colección de trozos históricos y literarios de escritores uruguayos : prosa / _checha por B. Fernández y Medina. |
| 260 |
_aMontevideo : _bA. Barreiro y Ramos, _c1894. |
||
| 300 |
_a477 p. ; _c20 cm. |
||
| 530 | _aDisponible en formato digital. | ||
| 650 | 4 |
_aLiteratura uruguaya- _yS.XIX. _9158966 |
|
| 700 | 0 |
_aFernández y Medina, Benjamín. _950186 |
|
| 852 |
_aES-MaACL _jG-1896 |
||
| 856 |
_uhttp://bdh-rd.bne.es/viewer.vm?id=0000110424&page=1 _zBiblioteca Digital Hispánica |
||
| 999 |
_c25030 _d25030 |
||